000 nam a22 a 4500
999 _c191603
_d191603
003 BLK
005 20230323152023.0
008 180411b bul|||||r ||||||| ||bul||
010 _aKNG00200764000
040 _aBLK
041 _aBUL
_cBUL
080 _aБългарска литература
_b821.163.2
_x-96
_z821.163.2-96
100 1 _aАпостолов, Иван
_eпърви автор
_9305576
139 _aАпостолов, Иван
_bА 78
245 1 0 _aСказание за човека
_b[Филос. есеистика]
_cИван Апостолов.
257 _aBGR
260 _aСофия
_bУнив. изд. Св. Климент Охридски
_c1992
300 _a368 с.
_c21 см
380 _aX
500 _aОфс. изд.
852 _aЦб 171100
_bЦб
856 4 _qpdf
_i0.00
_ldisable
856 4 _qpdf
_i0.00
_ldisable
942 _cKNG
_n0
_s1
944 _aCR
_c13.02.2017
_kКети_Илиева
944 _aED
_c28.02.2018
_kКети_Илиева
999 _d191603